000 00317nam a22001337a 4500
020 _a0826453929
082 _a808.02WHI
100 _aWHITE, B
245 _aDesertation skills
260 _aNew york
_bContinuum london
_c2000
300 _a168p.
_bill;21cm
500 _aincludes, index and bibliography
942 _cBK
999 _c20185
_d20185